| 000 | 00942nmm a2200289 a 4500 | ||
|---|---|---|---|
| 001 | ocm000591864 | ||
| 003 | TR-IsHL | ||
| 005 | 20201028120858.0 | ||
| 008 | 130627s2006 tu tur | ||
| 007 | cr cn | ||
| 020 | _a9789944322355 | ||
| 035 |
_a591864 _b(N$T) |
||
| 050 | 0 | 4 |
_aHD58.7 _b.A83 2006 |
| 090 | 0 | 4 |
_aHD58.7 _b.A83 2006 |
| 100 | 1 | _aAşan, Öznur | |
| 245 | 1 | 0 |
_aÖrgütsel davranış _h[electronic resource] / _cÖznur Aşan ; Eren Miski Aydın |
| 250 | _a1. bs. | ||
| 260 |
_aİstanbul : _bArıkan Basım Yayım Dağıtım, _c2006 |
||
| 300 | _a488 p. | ||
| 650 | 4 | _aİşletme ve Yönetim | |
| 650 | 4 | _aBusiness and Management | |
| 650 | 0 | _aÖrgütsel davranış | |
| 650 | 0 | _aOrganizational behavior | |
| 650 | 7 |
_aBUSINESS & ECONOMICS / Organizational Behavior _2bisacsh |
|
| 700 | 1 | _aAydın, Eren Miski | |
| 856 | 4 | 0 | _uhttp://search.ebscohost.com/login.aspx?direct=true&scope=site&db=e011xww&AN=591864 |
| 999 |
_c1022 _d1022 |
||